| 000 | 00555nam a2200229Ia 4500 | ||
|---|---|---|---|
| 003 | OSt | ||
| 005 | 20221005133429.0 | ||
| 006 | a|||||r|||| 00| 0 | ||
| 007 | ta | ||
| 008 | 221004b |||||||| |||| 00| 0 eng d | ||
| 024 | _a35240 | ||
| 037 | _cTextual | ||
| 040 |
_aCRL _cCRL _beng |
||
| 041 |
_2eng _aeng |
||
| 082 | _aU6:1-1C:N5, K6 | ||
| 100 | _aHall Peter | ||
| 245 | 0 | _aWorld cities | |
| 260 | _c1966 | ||
| 650 |
_aCOMMERCIAL GEOGRAPHY _91466 |
||
| 942 |
_hU6:1-1C:N5, K6 _cTEXL _2cc |
||
| 999 |
_c1066820 _d1066820 |
||